Data analysis in community and landscape ecology
Đã lưu trong:
| Príomhúdar: | |
|---|---|
| Formáid: | Leabhar |
| Teanga: | Undetermined |
| Foilsithe: |
New York, USA
Cambridge University Press
1995
|
| Ábhair: | |
| Clibeanna: |
Cuir Clib Leis
Gan Chlibeanna, Bí ar an gcéad duine leis an taifead seo a chlibeáil!
|
| Thư viện lưu trữ: | Trung tâm Học liệu Trường Đại học Cần Thơ |
|---|
| LEADER | 00624nam a2200205Ia 4500 | ||
|---|---|---|---|
| 001 | CTU_69207 | ||
| 008 | 210402s9999 xx 000 0 und d | ||
| 020 | |b 35 | ||
| 082 | |a 574.5 | ||
| 082 | |b J76 | ||
| 100 | |a Jongman, R. H. G. | ||
| 245 | 0 | |a Data analysis in community and landscape ecology | |
| 245 | 0 | |c R. H. G. Jongman | |
| 260 | |a New York, USA | ||
| 260 | |b Cambridge University Press | ||
| 260 | |c 1995 | ||
| 650 | |a Biotic communities,Landscape ecology | ||
| 650 | |x Research,Methodology,Research,Statistical methods | ||
| 904 | |i Trúc Phương | ||
| 980 | |a Trung tâm Học liệu Trường Đại học Cần Thơ | ||